000 00771cab a2200229 4500
001 WB3201-68
008 090401t1995 xxu||||| |||| 00| 0 eng d
035 _a(Sirsi) u12466
041 _aeng
245 _aLandfill tax consultation exercise
260 _c1995
350 _a0
490 _aHM Customs and Excise News Release
_v(60/95) 15 December 1995, (2)
520 _aHM Customs and Excise has launched a consultation exercise linking the lower rate of landfill tax announced in the Budget to category one of the DoE`s proposed national waste classification system.
650 _aLANDFILL TAX
650 _aNATIONAL WASTE CLASSIFICATION SYSTEM
650 _aWASTE MANAGEMENT
690 _aLAND
690 _aTAXATION
942 _n0
948 _c04/03/1997
999 _c7967
_d7967